000 01117nam a2200301 i 4500
003 EG-GICUC
005 20260211093742.0
008 260211s2013 ua ||||fr|||| 001 0 ara d
040 _a EG-GICUC
_bara
_c EG-GICUC
_d EG-GICUC
_erda
041 _aara
082 0 4 _a343.425
_bم ح . ج
_221
092 0 4 _221
099 _aLaw1 10 343.425 م ح . ج 2013 1006222
100 0 _aمحمد سمير.
_eمؤلف.
245 1 0 _aجرائم الصحافة والنشر /
_cالدكتور المستشار محمد سمير.
264 1 _aالقاهرة :
_bمحمد سمير،
_c2013.
300 _a315 صفحة ؛
_c24 سم.
_bإيضاحيات، صور، مثيليات ؛
336 _2rda content
_atext
337 _2rda media
_aComputer
338 _2rda carrier
_aOnline Resource
504 _aيشتمل على ارجاعات ببليوجرافية.
546 _aالنص باللغة العربية
650 1 _aالتشريعات المتعلقة بالصحافة.
_2qrmak
651 1 _2qrmak
856 4 0 _uhttps://fll.law.cu.edu.eg/fulltext/bks/B10-06222.pdf
905 _a18
942 _2ddc
_n0
_cBK
_e21
999 _c62538
_d62538